banner koha

Pelas portas do coração / (Registro n. 8830)

MARC details
000 -LÍDER
campo de controle de tamanho fixo 01144nam a2200253 a 4500
001 - NÚMERO DE CONTROLE
campo de controle BS0003765
003 - IDENTIFICADOR DO NÚMERO DE CONTROLE
campo de controle BR-BrBNA
005 - DATA E HORÁRIO DA ÚLTIMA TRANSAÇÃO
campo de controle 20231011150345.0
008 - CAMPO DE DADOS FIXOS--INFORMAÇÃO GERAL
campo de controle de tamanho fixo 230308b |||||||| |||| 00| 0 por d
040 ## - FONTE DA CATALOGAÇÃO
Instituição da catalogação original BR-BrBNA
Idioma da catalogação por
Instituição que transcreveu o registro Biblioteca Nacional de Agricultura
041 ## - CÓDIGO DE IDIOMA
Código do idioma do texto/trilha sonora ou título diferente por
072 ## - CÓDIGO DE CATEGORIA DE ASSUNTO
Código de Categoria de Assunto S86
090 ## - NÚMERO DE CHAMADA LOCAL
Número de chamada S86
Chave BR BS0003765
100 1# - ENTRADA PRINCIPAL--NOME PESSOAL
Nome pessoal Lucius (Espírito)
245 1# - TÍTULO
Título Pelas portas do coração /
250 1# - EDIÇÃO
Edição 29. ed.
260 3# - PUBLICAÇÃO, DISTRIBUIÇÃO, ETC.
Local de publicação, distribuição, etc. São Paulo, SP.:
Nome do editor, distribuidor, etc. Centro de Estudos Vida e Consciência,
Data da publicação, distribuição, etc. 2004.
300 ## - DESCRIÇÃO FÍSICA
Extensão 356 p.
500 ## - NOTA GERAL
Nota geral Psicografado por Zibia Gasparetto.<br/>
520 3# - NOTA DE RESUMO, ETC
Resumo, etc. A maioria de nós está repleto de modelos sociais de felicidade. Todos queremos ser certos e adequados. E, assim, nos obrigamos a agir contra os impulsos de nossa verdadeira natureza. Pensando fazer o melhor, acabamos por nos conduzir ao vale do desajuste e da dor. Até que a audácia de uma alma forte e lúcida como a de Juliana nos mostre que o verdadeiro vencedor é aquele que tem a coragem de calar o mundo em si e caminhar pelas portas do coração.
650 ## - ASSUNTO--TERMO TÓPICO
Cabeçalho tópico ou nome geográfico LITERATURA BRASILEIRA
650 ## - ASSUNTO--TERMO TÓPICO
Cabeçalho tópico ou nome geográfico ROMANCE ESPÍRITA
942 ## - ELEMENTOS DE ENTRADA ADICIONADOS (KOHA)
Tipo de material Koha Livros
Fonte da classificação ou esquema de arquivamento na estante Classificação AGRIS
Exemplares
Situação do descarte Fonte da classificação ou esquema de arquivamento na estante Situação física Não pode ser emprestado Coleção Biblioteca de origem Biblioteca atual Total de empréstimos Número de telefone completo Código de barras Data de último acesso Número do exemplar Tipo de material Koha Situação das perdas Data de aquisição Fonte de aquisição Qualificador de local codificado
  Classificação AGRIS     Acervo Cultural Biblioteca Nacional de Agricultura - Binagri Biblioteca Nacional de Agricultura - Binagri   S86 BS0003765 S86 BS0003765 12/04/2023 01 Livros   2023-04-04 Doação S86

BINAGRI

Telefone: (61)3218-2567/2388/3357/2097 - binagri@agro.gov.br

Ministério da Agricultura e Pecuária , Esplanada dos Ministérios, Bloco D, Anexo B, Brasília/DF, CEP: 70.043-900